[Event "EIWCC 2018"]
[Site "Vysoke Tatry"]
[Date "2018.04.10"]
[Round "3"]
[White "Hoang, Thanh Trang"]
[Black "Rapport, Jovana"]
[Result "1-0"]
[WhiteElo "2437"]
[BlackElo "2328"]
[Annotator "TA"]
[PlyCount "83"]
[EventDate "2018.??.??"]
[EventType "swiss"]
[EventCountry "SVK"]
[SourceTitle "playchess.com"]
[Source "ChessBase"]
[SourceQuality "1"]

{[%evp 25,83,0,13,13,13,13,26,26,48,13,24,26,19,17,87,83,85,80,98,77,113,112,131,131,181,189,169,150,272,274,305,308,751,25,762,765,739,740,714,718,996,990,947,897,694,549,5633,5633,5535,5535,5431,5177,1197,1097,29961,29961,29961,29955,6357,5435]} 1. d4 d5 2. c4 dxc4 3. e3 e5 4. Bxc4 exd4 5. exd4 Bd6 6. Nf3 Nf6 7. O-O O-O 8. Bg5 h6 9. Bh4 {D20: Queen's Gambit Accepted: 3 e3 and 3 e4} Nc6 10. Nc3 Bg4 11. h3 Bxf3 12. Qxf3 Nxd4 13. Qxb7 Nf5 {LiveBook: 5 Games} 14. Bxf6 $1 Qxf6 15. Qf3 Qe5 {[%csl Gd6][%cal Re5h2]} 16. g3 Rab8 17. b3 {[#]} (17. Rae1 $5 {[%cal Re1e5]} Nd4 18. Qd3 $14) 17... Bb4 $146 18. Nd5 Nd4 19. Qe3 Qxe3 (19... Rfd8 $11 20. Rad1 (20. Qxe5 Nf3+ 21. Kg2 Nxe5 $11) (20. Nxb4 Rxb4 21. Qxe5 Nf3+ 22. Kg2 Nxe5 $11) 20... Bc5 21. Qxe5 Nf3+ 22. Kg2 Nxe5) 20. fxe3 $16 Nc6 21. Nxb4 ({Of course not} 21. Nxc7 $6 Bd6 $11) 21... Nxb4 22. Rad1 $1 Rbe8 23. Rd7 $1 Rxe3 24. Rxc7 {[%cal Rf1f7]} Kh8 25. Rfxf7 ({Much less strong is} 25. Rxa7 $6 f6 $16) 25... Rxf7 26. Rxf7 Rxg3+ $18 {[%mdl 4096] Endgame KRB-KRN} (26... a5 $16 27. Kf2 Rc3) 27. Kh2 Rc3 28. a3 ({Not} 28. Rxa7 Rc2+ 29. Kg3 Rxa2 $16) 28... Nd3 $2 {[#]} (28... Rc2+ 29. Kg1 Rc1+ 30. Kh2 Rc2+ 31. Kh1 Rc1+ 32. Kh2 Rc2+) 29. Rf8+ $1 Kh7 {[#]} 30. Rc8 $1 Rc2+ 31. Kg3 Rd2 32. Rd8 Nc5 33. Rxd2 Ne4+ 34. Kf4 Nxd2 {KB-KN} 35. Bd3+ g6 36. Bc2 Kg7 37. Ke3 Nf1+ 38. Kf2 Nd2 39. Ke2 Nxb3 40. Bxb3 Kf6 41. Ke3 Ke5 42. Bf7 {Precision: White = 96%, Black = 26%.} 1-0

[Event "EIWCC 2018"]
[Site "Vysoke Tatry"]
[Date "2018.04.10"]
[Round "3"]
[White "Zhukova, Natalia"]
[Black "Tomilova, Elena"]
[Result "1-0"]
[WhiteElo "2426"]
[BlackElo "2326"]
[Annotator "TA"]
[PlyCount "59"]
[EventDate "2018.??.??"]
[EventType "swiss"]
[EventCountry "SVK"]
[SourceTitle "playchess.com"]
[Source "ChessBase"]
[SourceQuality "1"]

{[%evp 23,59,0,8,-14,4,0,0,0,7,-7,0,-50,11,7,21,19,72,25,54,39,160,134,161,128,119,110,143,149,151,126,370,372,1063,1047,1028,902,29990,29991]} 1. c4 e5 2. Nc3 Nf6 3. Nf3 Nc6 4. g3 Bb4 5. Bg2 O-O 6. Nd5 e4 7. Nh4 Re8 8. O-O Bc5 9. d3 exd3 10. Qxd3 Ne5 11. Qc2 Nxd5 12. cxd5 d6 {LiveBook: 20 Games. A29: English Opening: Four Knights Variation with 4 g3} 13. h3 (13. Bd2 a5 14. Bc3 Bd7 15. Rad1 Qe7 16. Bd4 Bxd4 17. Rxd4 {½-½ (98) Iordachescu,V (2590)-Gajewski,G (2646) Jerusalem 2015}) 13... a5 $146 ({Predecessor:} 13... Qf6 14. Kh2 Ng6 15. Nf3 Bf5 16. Qb3 Rxe2 17. h4 Be4 18. Qxb7 Re8 19. Bg5 Qf5 20. Qb3 h6 21. Bc1 Ne5 22. Nxe5 Bxg2 23. Kxg2 Rxf2+ 24. Rxf2 Qxf2+ 25. Kh3 Qf1+ {0-1 (25) Filonenko,K (2244)-Voynov,S (2226) Dnipropetrovsk 2005}) 14. Kh2 Ng6 {The position is equal.} 15. Nxg6 hxg6 16. e4 Bd7 17. f4 Bb6 (17... c6 $15) 18. Bd2 $11 Bb5 19. Rfe1 Rc8 (19... a4 $11) 20. a4 Ba6 21. Bc3 Qe7 (21... c6 $14) 22. Qd2 $16 Ra8 23. Rac1 c6 24. e5 $36 {[%mdl 2048] White has strong initiative.} ({Resist} 24. Bxa5 Bxa5 25. Qxa5 Bb5 $14) 24... cxd5 25. e6 ({But not} 25. Bxd5 $6 dxe5 26. Rxe5 (26. Bxa5 Bxa5 27. Qxa5 Bc4 $15) 26... Qd7 $14) 25... fxe6 {[#]} 26. Rxe6 $1 {[%mdl 512]} Qf7 $2 (26... Qxe6 $16 27. Bxd5 Bc4 28. Bxe6+ Rxe6) 27. Rxe8+ $18 Qxe8 $2 (27... Rxe8 28. Bxd5 Re2+ 29. Qxe2 Bxe2 30. Bxf7+ Kxf7) 28. Re1 Qd7 29. Qxd5+ Kh7 30. Be4 {Precision: White = 62%, Black = 17%.} 1-0

[Event "EIWCC 2018"]
[Site "Vysoke Tatry"]
[Date "2018.04.10"]
[Round "3"]
[White "Ushenina, Anna"]
[Black "Kulon, Klaudia"]
[Result "1-0"]
[WhiteElo "2422"]
[BlackElo "2319"]
[Annotator "TA"]
[PlyCount "51"]
[EventDate "2018.??.??"]
[EventType "swiss"]
[EventCountry "SVK"]
[SourceTitle "playchess.com"]
[Source "ChessBase"]
[SourceQuality "1"]

{[%evp 16,51,20,20,77,76,78,93,85,83,85,80,77,67,184,171,292,287,280,273,259,147,147,147,138,145,140,130,116,118,285,285,286,285,764,759,29997,29998]} 1. d4 Nf6 2. Nf3 g6 3. Nbd2 Bg7 4. e4 d6 5. Bb5+ c6 6. Bd3 {B07: Pirc Defence: Miscellaneous Systems} O-O 7. O-O Nbd7 (7... c5 8. c3 cxd4 9. cxd4 e5 10. Re1 exd4 11. Nxd4 Ng4 12. N4f3 Nc6 13. Nc4 Be6 14. Bg5 Bf6 15. Bf4 Nge5 16. Ncxe5 Nxe5 17. Nd4 Bd7 18. Be2 Qb6 19. Qd2 Nd3 20. Bxd3 Bxd4 21. Be3 Be6 22. Bf1 Bxe3 23. Rxe3 Rac8 24. a3 {½-½ (24) Dubov,D (2701)-Grischuk,A (2767) Moscow 2018}) 8. Re1 e5 9. c3 {LiveBook: 32 Games} b5 (9... Qc7 $11 {remains equal.}) 10. a4 $146 ({Find the theoretical novelty and annotate with similar games:} 10. Nb3 exd4 11. Nfxd4 Ne5 12. Bf4 {½-½ (46) Vossen,P (1310)-Memeti,M (1464) Maastricht 2011}) 10... exd4 11. cxd4 b4 12. a5 c5 13. Nc4 {[%cal Bd2c4,Bc4d6,Bd6b5][%mdl 32]} cxd4 14. Nxd6 Nc5 (14... Ng4 $14) 15. e5 $18 Ng4 (15... Nxd3 $142 16. Qxd3 Ne8) 16. Bg5 Qc7 17. Rc1 Bxe5 18. Rxe5 ({Less strong is} 18. Nxe5 Qxd6 19. Bf4 Qf6 $16) (18. Nb5 $18 Bxh2+ 19. Kf1 Nxf2 20. Nxc7 Nxd1 21. Rxc5 (21. Nxa8 Nxd3 22. Rcxd1 Nxe1 $14) 21... Nxb2 22. Be4) 18... Nxe5 $16 {[#]} 19. Nb5 $1 $36 {[%cal Rb5c7][%mdl 2048] White has strong initiative.} Qxa5 20. Nxe5 Nxd3 21. Qxd3 Bf5 22. Qc4 Rac8 $2 (22... Be6 $16 {was worth a try.} 23. Qc5 Rac8) 23. Nc6 $18 Rxc6 24. Qxc6 {[#] Threatens to win with Qf6.} b3 $2 (24... Rc8 25. Qb7 Rxc1+ 26. Bxc1 Qa4 27. Qb8+ Kg7 28. Qe5+ Kg8 29. Qxd4 Qc2) 25. Bh6 {White threatens Qf6 and mate.} Rb8 26. Qf6 {Precision: White = 78%, Black = 34%.} 1-0

[Event "EIWCC 2018"]
[Site "Vysoke Tatry"]
[Date "2018.04.10"]
[Round "3"]
[White "Zimina, Olga"]
[Black "Buksa, Nataliya"]
[Result "1/2-1/2"]
[WhiteElo "2414"]
[BlackElo "2357"]
[Annotator "TA"]
[PlyCount "81"]
[EventDate "2018.??.??"]
[EventType "swiss"]
[EventCountry "SVK"]
[SourceTitle "playchess.com"]
[Source "ChessBase"]
[SourceQuality "1"]

{[%evp 21,81,7,7,0,4,4,8,8,3,2,2,-23,-18,-31,-16,-37,0,0,0,-3,10,-10,-7,-13,-16,-25,-6,-6,0,0,0,0,0,0,0,0,0,0,0,0,24,25,40,37,31,37,44,0,0,0,0,0,0,0,0,0,0,0,0,0,0,0]} 1. Nf3 Nf6 2. c4 e6 3. g3 d5 4. Bg2 Be7 5. O-O O-O 6. d4 dxc4 7. Qc2 b6 8. Qxc4 Bb7 9. Nc3 c5 10. Rd1 Nbd7 11. dxc5 {E03: Open Catalan: 5 Qa4+ Nbd7 6 Qxc4} (11. Ne5 Bxg2 12. Kxg2 Qc8 13. Nxd7 Qxd7 14. dxc5 Qc6+ 15. f3 Qxc5 16. Qxc5 Bxc5 17. Bf4 Rfd8 18. e4 Ne8 {½-½ (41) Aronian,L (2794)-Mamedyarov,S (2809) Berlin 2018}) 11... Bxc5 {LiveBook: 3 Games} 12. b4 Be7 13. Bb2 Qb8 $146 ({Find the theoretical novelty and annotate with similar games:} 13... Rc8 14. Qb3 Qc7 15. Nb5 Qb8 16. a3 Bd5 17. Qe3 a6 18. Nbd4 Ng4 {1-0 (55) Vasilevich,T (2368)-Sarakauskiene,Z (2188) Beijing 2008}) 14. a3 Rc8 15. Qf4 a6 16. Ne5 Nxe5 17. Bxb7 Qxb7 18. Qxe5 Bf8 19. Rd4 b5 20. Rad1 Qc7 21. Qg5 h6 22. Qd2 Be7 23. Rc1 Qb6 24. Ne4 Nxe4 25. Rxe4 Bg5 26. e3 {[%cal Be2e3,Be3e4][%mdl 32]} Rxc1+ 27. Qxc1 Rd8 28. h4 Bf6 29. Bxf6 gxf6 $11 {[%mdl 4096] Endgame KQR-KQR} 30. Rg4+ Kf8 31. e4 Ke7 32. Qxh6 Rd1+ 33. Kg2 {And now Qf4 would win.} Qd4 34. Qf4 {[#] aiming for Qc7+.} (34. Rf4 $5 {[%cal Rf4f3]}) 34... Qc4 {( -> ...Qf1+). The position is equal.} 35. Kh2 {Strongly threatening Rg8.} e5 $1 {[%cal Re5f4]} 36. Qe3 {Hoping for Rg8.} Qf1 {[%csl Gd1][%cal Rf1h1]} 37. Qa7+ Ke6 {[%csl Gd1][%cal Rf1h1] [#]} 38. Qxa6+ Ke7 {[%csl Gd1][%cal Rf1h1]} 39. Qa7+ Ke6 {[%csl Gd1][%cal Rf1h1]} 40. Qa6+ Ke7 {[%csl Gd1][%cal Rf1h1]} 41. Qa7+ {Precision: White = 76%, Black = 67%.} 1/2-1/2

[Event "EIWCC 2018"]
[Site "Vysoke Tatry"]
[Date "2018.04.10"]
[Round "3"]
[White "Melia, Salome"]
[Black "Belenkaya, Dina"]
[Result "1/2-1/2"]
[WhiteElo "2411"]
[BlackElo "2308"]
[Annotator "TA"]
[PlyCount "100"]
[EventDate "2018.??.??"]
[EventType "swiss"]
[EventCountry "SVK"]
[SourceTitle "playchess.com"]
[Source "ChessBase"]
[SourceQuality "1"]

{[%evp 18,100,33,47,66,70,77,75,71,74,110,114,105,109,114,115,116,112,148,148,161,162,155,152,152,141,158,150,150,96,90,74,83,25,22,6,77,0,57,52,394,378,333,320,308,0,188,195,189,182,177,0,0,0,0,0,0,12,38,27,28,0,0,0,0,0,0,0,0,0,0,0,0,0,0,0,0,0,0,0,0,0,0,0,0]} 1. e4 c6 2. d4 d5 3. e5 c5 4. dxc5 Nc6 5. Nf3 Bg4 6. c3 {B12: Caro-Kann: Advance Variation} e6 7. Be3 (7. b4 a6 8. Nbd2 Nxe5 9. Qa4+ Nd7 10. Ne5 Ngf6 11. c4 a5 12. Nb3 axb4 13. Qb5 Be7 {0-1 (53) Topalov,V (2760)-Nakamura,H (2779) London 2016}) 7... Nge7 8. Nbd2 Nf5 9. Bd4 Be7 10. Bb5 {LiveBook: 3 Games} Qc7 11. O-O O-O 12. h3 Bh5 13. Bxc6 Bxf3 $146 ({Predecessor:} 13... bxc6 14. b4 Nxd4 15. cxd4 {0-1 (41) Serefidou,D (1945)-Vatkali,D (1991) Porto Rio 2014}) 14. Nxf3 {[#] And now Ba4 would win.} Qxc6 15. g4 Nh4 16. Nxh4 Bxh4 17. Qe2 Be7 18. b4 Qa4 19. f4 Rfc8 20. f5 b6 21. cxb6 (21. fxe6 $6 fxe6 22. cxb6 axb6 $14) 21... axb6 22. Qf2 {[#] Threatens to win with fxe6.} ({Much less strong is} 22. fxe6 $6 fxe6 23. Rf3 Rcb8 $14) 22... Kh8 23. f6 (23. Qf3 $142) 23... gxf6 $16 24. exf6 Bd6 25. Qd2 (25. Rfe1 $16) 25... Rc4 $1 $11 26. Rf2 $40 {[%mdl 128] White attacks.} Qc6 (26... e5 $1 $11 27. Be3 (27. Bxb6 Qc6 $14) 27... Qa3) 27. a4 ({White should play} 27. Re2 $16) 27... Qc7 ({Black should try} 27... Rg8 $11) 28. a5 b5 $2 {[%mdl 8192]} ({Better is} 28... bxa5 $14 29. bxa5 Bf8) 29. a6 $18 e5 30. Qg5 {[%csl Gf6][%cal Rg5g7]} Rg8 31. Qxg8+ Kxg8 32. a7 exd4 33. a8=Q+ Bf8 34. Qxf8+ $2 (34. Qxd5 $18 Rxc3 35. Qg5+ (35. Qxd4 Rxh3 36. Qe4 Rg3+ 37. Rg2 Qb6+ 38. Kh2 Qxf6 $16) 35... Kh8 36. Qf4) 34... Kxf8 $11 35. Ra8+ Qc8 $1 {[%cal Rc8a8]} 36. Rxc8+ Rxc8 37. cxd4 {[%mdl 4096] Endgame KR-KR} Rc4 38. Ra2 {Intending Ra8+ and mate.} Ke8 39. Ra7 {aiming for Re7+.} Rxd4 {The position is equal.} 40. Re7+ Kf8 41. Rb7 {[%cal Rb7b8]} Ke8 42. Rxb5 Kd7 43. Rb7+ Ke6 44. g5 Kf5 45. Rxf7 Kxg5 46. b5 Rb4 47. Rd7 {Hoping for f7.} Rxb5 48. f7 Rb8 49. Rxd5+ Kg6 50. Rd7 Rf8 {Precision: White = 55%, Black = 58%.} 1/2-1/2

[Event "EIWCC 2018"]
[Site "Vysoke Tatry"]
[Date "2018.04.10"]
[Round "3"]
[White "Gaponenko, Inna"]
[Black "Gvanceladze, Anna"]
[Result "1/2-1/2"]
[WhiteElo "2406"]
[BlackElo "2302"]
[Annotator "NA"]
[PlyCount "80"]
[EventDate "2018.??.??"]
[EventType "swiss"]
[EventCountry "SVK"]
[SourceTitle "playchess.com"]
[Source "ChessBase"]
[SourceQuality "1"]
[TimeControl "40/5400+30:1800+30"]

1. e4 {[%emt 0:00:00]} c6 {[%emt 0:00:05]} 2. d4 {[%emt 0:00:00]} d5 {[%emt 0:00:05]} 3. e5 {[%emt 0:00:00]} c5 {[%emt 0:00:05]} 4. dxc5 {[%emt 0:00:00]} Nc6 {[%emt 0:00:03]} 5. a3 {[%emt 0:00:06] LiveBook: 72 Games B12: Caro-Kann: Advance Variation} Nxe5 {[%emt 0:00:07]} 6. Bb5+ {[%emt 0:00:11]} (6. b4 Nf6 7. Bb2 Nc6 8. Nf3 g6 9. Nc3 d4 10. Nb5 e5 11. Qe2 Bg4 12. O-O-O Bh6+ {1-0 (48) Nepomniachtchi,I (2751)-Navara,D (2737) Saint Louis 2017}) 6... Nc6 {[%emt 0:00:05]} 7. b4 {[%emt 0:00:30]} Nf6 {[%emt 0:00:24]} 8. Bb2 {[%emt 0:00:18]} g6 {[%emt 0:00:25]} 9. c4 {[%emt 0:02:45]} Be6 {[%emt 0:06:33]} 10. Nf3 {[%emt 0:00:51]} dxc4 {[%emt 0:05:39]} 11. Qxd8+ {[%emt 0:04:09]} Rxd8 {[%emt 0:00:12]} 12. Ne5 {[%emt 0:05:16]} Rc8 {[%emt 0:02:32]} 13. Nd2 $146 {[%emt 0:14:30]} Bg7 {[%emt 0:03:21]} 14. Nxc6 {[%emt 0:09:14]} bxc6 {[%emt 0:00:08]} 15. Bxc4 {[%emt 0:00:04]} Bxc4 {[%emt 0:15:10]} 16. Nxc4 {[%emt 0:00:18]} O-O {[%emt 0:00:07]} 17. Bxf6 {[%emt 0:06:00]} Bxf6 {[%emt 0:00:16]} 18. O-O-O {[%emt 0:00:05]} Rc7 {[%emt 0:04:52]} 19. Rd3 {[%emt 0:03:08]} Rfc8 {[%emt 0:00:58]} 20. Rhd1 {[%emt 0:00:43]} e6 $16 {[%emt 0:00:46]} 21. Rd7 {[%emt 0:36:05]} Kf8 {[%emt 0:02:47]} 22. Kc2 {[%emt 0:01:00]} Ke8 {[%emt 0:03:18]} 23. Rxc7 {[%emt 0:00:53]} Rxc7 {[%emt 0:00:05]} 24. Na5 {[%emt 0:00:14]} Be7 {[%emt 0:01:26]} 25. Rd3 {[%emt 0:00:23]} h5 {[%emt 0:02:46]} 26. Kc3 {[%emt 0:04:02]} f6 {[%emt 0:08:46]} 27. Kc4 {[%emt 0:02:30]} e5 {[%emt 0:02:37]} 28. a4 {[%emt 0:01:23]} Kf7 {[%emt 0:01:15]} 29. Nb3 {[%emt 0:01:23]} a6 {[%emt 0:03:02]} 30. b5 {[%emt 0:01:30]} axb5+ {[%emt 0:00:18]} 31. axb5 {[%emt 0:00:02]} cxb5+ {[%emt 0:00:09]} 32. Kxb5 {[%emt 0:00:02]} Rb7+ {[%emt 0:00:29]} 33. Kc4 {[%emt 0:05:30]} Rc7 {[%emt 0:03:08]} 34. Kb5 {[%emt 0:01:16]} Rb7+ {[%emt 0:00:06]} 35. Kc4 {[%emt 0:01:01]} Rc7 {[%emt 0:00:05]} 36. f3 {[%emt 0:00:15]} Ke6 {[%emt 0:04:22]} 37. Kb5 {[%emt 0:00:04]} Rb7+ {[%emt 0:00:10]} 38. Kc4 {[%emt 0:00:53]} Rc7 {[%emt 0:00:05]} 39. Kb5 {[%emt 0:00:17]} Rb7+ {[%emt 0:00:20]} 40. Kc4 {[%emt 0:00:00] Kd5+} Rc7 1/2-1/2

[Event "EIWCC 2018"]
[Site "Vysoke Tatry"]
[Date "2018.04.10"]
[Round "3"]
[White "Mkrtchian, Lilit"]
[Black "Zherebtsova, Alexandra"]
[Result "1/2-1/2"]
[WhiteElo "2403"]
[BlackElo "2202"]
[Annotator "NA"]
[PlyCount "89"]
[EventDate "2018.??.??"]
[EventType "swiss"]
[EventCountry "SVK"]
[SourceTitle "playchess.com"]
[Source "ChessBase"]
[SourceQuality "1"]
[TimeControl "40/5400+30:1800+30"]

1. Nf3 {[%emt 0:00:00]} d5 {[%emt 0:00:09]} 2. g3 {[%emt 0:00:00]} g6 {[%emt 0:00:44]} 3. Bg2 {[%emt 0:02:48]} Bg7 {[%emt 0:00:05]} 4. d4 {[%emt 0:00:06]} Nf6 {[%emt 0:01:34]} 5. c4 {[%emt 0:01:02]} c6 {[%emt 0:02:10]} 6. cxd5 {[%emt 0:00:22]} cxd5 {[%emt 0:00:04]} 7. O-O {[%emt 0:00:40]} Nc6 {[%emt 0:01:32]} 8. Nc3 {[%emt 0:00:59]} Ne4 {[%emt 0:16:50]} 9. e3 {[%emt 0:22:57]} f5 {[%emt 0:11:25]} 10. Ne2 {[%emt 0:16:54]} g5 {[%emt 0:13:25]} 11. b3 $11 {[%emt 0:03:25]} O-O {[%emt 0:05:34]} 12. Bb2 {[%emt 0:01:19]} Qd6 {[%emt 0:09:01]} 13. Ne1 {[%emt 0:00:15]} b6 {[%emt 0:08:11]} 14. Nd3 {[%emt 0:02:27]} Ba6 {[%emt 0:08:19]} 15. f3 {[%emt 0:01:00]} Nf6 {[%emt 0:02:26]} 16. Ne5 {[%emt 0:00:11]} f4 {[%emt 0:06:25]} 17. exf4 {[%emt 0:05:14]} gxf4 {[%emt 0:00:06]} 18. Re1 {[%emt 0:01:26]} fxg3 {[%emt 0:01:04]} 19. hxg3 {[%emt 0:00:45]} Nh5 {[%emt 0:00:57]} 20. f4 {[%emt 0:07:25]} Bxe2 {[%emt 0:07:03]} 21. Qxe2 {[%emt 0:00:15]} Nxg3 {[%emt 0:00:14]} 22. Qb5 {[%emt 0:02:38]} Nxe5 {[%emt 0:00:08]} 23. dxe5 {[%emt 0:05:50]} Qg6 {[%emt 0:00:08]} 24. Qxd5+ {[%emt 0:00:30]} e6 {[%emt 0:00:15]} 25. Qf3 {[%emt 0:00:38]} Rad8 {[%emt 0:02:29]} 26. Ba3 {[%emt 0:04:40]} Rd3 {[%emt 0:01:12]} 27. Qf2 {[%emt 0:02:19]} Rfd8 {[%emt 0:01:13]} 28. Rac1 {[%emt 0:04:02]} Nf5 {[%emt 0:01:00]} 29. Bb4 {[%emt 0:03:40]} Bh6 {[%emt 0:00:17]} 30. Rc4 {[%emt 0:05:30]} a5 {[%emt 0:00:32]} 31. Bd6 {[%emt 0:01:14]} Kh8 {[%emt 0:00:55]} 32. Rec1 {[%emt 0:00:55]} Rg3 {[%emt 0:00:21]} 33. Rc8 {[%emt 0:00:21]} Rg8 {[%emt 0:00:10]} 34. Rxg8+ {[%emt 0:00:22]} Qxg8 {[%emt 0:00:03]} 35. Kh1 {[%emt 0:03:21]} Rg4 {[%emt 0:00:44]} 36. Rc4 {[%emt 0:00:53]} b5 {[%emt 0:00:14]} 37. Rc3 {[%emt 0:01:15]} Bxf4 {[%emt 0:00:30]} 38. Rf3 {[%emt 0:00:42]} Ng3+ {[%emt 0:01:20]} 39. Rxg3 {[%emt 0:00:36]} Bxg3 {[%emt 0:00:35]} 40. Qf6+ {[%emt 0:00:00]} Qg7 {[%emt 0:00:05]} 41. Qd8+ {[%emt 0:00:14]} Qg8 {[%emt 0:00:24]} 42. Qf6+ {[%emt 0:00:51]} Rg7 43. Bf8 Bxe5 44. Bxg7+ Qxg7 45. Qxe6 1/2-1/2

[Event "EIWCC 2018"]
[Site "Vysoke Tatry"]
[Date "2018.04.10"]
[Round "3"]
[White "Arabidze, Meri"]
[Black "Prudnykova, Olga"]
[Result "1-0"]
[WhiteElo "2393"]
[BlackElo "2281"]
[Annotator "ChessBase"]
[PlyCount "117"]
[EventDate "2018.??.??"]
[EventType "swiss"]
[EventCountry "SVK"]
[SourceTitle "playchess.com"]
[Source "ChessBase"]
[SourceQuality "1"]
[TimeControl "40/5400+30:1800+30"]

1. d4 {[%emt 0:00:00]} Nf6 {[%emt 0:00:06]} 2. c4 {[%emt 0:00:00]} g6 {[%emt 0:00:05]} 3. g3 {[%emt 0:00:00]} Bg7 {[%emt 0:00:15]} 4. Bg2 {[%emt 0:00:00]} d5 {[%emt 0:00:04]} 5. cxd5 {[%emt 0:00:00]} Nxd5 {[%emt 0:00:04]} 6. Nf3 {[%emt 0:00:02]} Nb6 {[%emt 0:01:01]} 7. Nc3 {[%emt 0:00:11]} Nc6 {[%emt 0:00:19]} 8. e3 {[%emt 0:00:12]} O-O {[%emt 0:01:39]} 9. O-O {[%emt 0:00:08]} a5 {[%emt 0:00:40]} 10. Qe2 {[%emt 0:00:21]} Be6 {[%emt 0:01:12]} 11. Nd2 {[%emt 0:00:23]} a4 {[%emt 0:07:29]} 12. Rd1 {[%emt 0:00:09]} Na5 {[%emt 0:24:39]} 13. Nde4 {[%emt 0:05:00]} Qc8 {[%emt 0:09:04]} 14. Nc5 {[%emt 0:03:32]} Bg4 {[%emt 0:01:26]} 15. f3 {[%emt 0:01:26]} Bd7 {[%emt 0:00:07]} 16. Nxd7 {[%emt 0:04:47]} Qxd7 {[%emt 0:00:14]} 17. Ne4 {[%emt 0:00:45]} Nbc4 {[%emt 0:09:55]} 18. f4 {[%emt 0:08:12]} Rfd8 {[%emt 0:06:10]} 19. Nc5 {[%emt 0:08:02]} Qb5 {[%emt 0:00:36]} 20. Qc2 {[%emt 0:03:50]} Nc6 {[%emt 0:10:38]} 21. Nxb7 {[%emt 0:10:54]} Nxd4 {[%emt 0:00:16]} 22. exd4 {[%emt 0:00:21]} Rxd4 {[%emt 0:00:08]} 23. Re1 {[%emt 0:23:45]} c6 {[%emt 0:17:27]} 24. Bf1 {[%emt 0:00:11]} Qb6 {[%emt 0:04:31]} 25. Kh1 {[%emt 0:02:23]} Qxb7 {[%emt 0:02:31]} 26. Bxc4 {[%emt 0:00:28]} c5+ {[%emt 0:00:49]} 27. Kg1 {[%emt 0:00:22]} Qb4 {[%emt 0:00:27]} 28. Re4 {[%emt 0:04:41]} Rad8 {[%emt 0:01:23]} 29. Be3 {[%emt 0:00:39]} Rxe4 {[%emt 0:00:54]} 30. Qxe4 {[%emt 0:00:05]} Bd4 {[%emt 0:00:28]} 31. Bf1 {[%emt 0:05:48]} Qxb2 {[%emt 0:00:04]} 32. Bxd4 {[%emt 0:00:45]} Rxd4 {[%emt 0:00:32]} 33. Qb1 {[%emt 0:04:54]} Qd2 {[%emt 0:00:45]} 34. Qe1 {[%emt 0:01:10]} Qc2 {[%emt 0:00:42]} 35. Rb1 {[%emt 0:04:37]} Re4 {[%emt 0:00:32]} 36. Rb8+ {[%emt 0:00:34]} Kg7 {[%emt 0:00:04]} 37. Qf2 {[%emt 0:00:44]} Qd1 {[%emt 0:00:45]} 38. Qxc5 {[%emt 0:05:03]} Re1 {[%emt 0:00:03]} 39. Qf2 {[%emt 0:00:22]} a3 {[%emt 0:00:23]} 40. Rb3 {[%emt 0:00:00]} Qc1 {[%emt 0:00:53]} 41. Rf3 {[%emt 0:07:17]} Rd1 {[%emt 0:03:21]} 42. Qa7 {[%emt 0:04:13]} e6 {[%emt 0:08:11]} 43. Rf2 {[%emt 0:02:03]} Qc3 {[%emt 0:05:31]} 44. Qa6 {[%emt 0:02:21]} Rb1 {[%emt 0:04:31]} 45. Qe2 {[%emt 0:01:11]} Kg8 {[%emt 0:00:12]} 46. Qf3 {[%emt 0:01:18]} Qc1 {[%emt 0:04:06]} 47. Qd3 {[%emt 0:00:24]} Ra1 {[%emt 0:02:46]} 48. Rc2 {[%emt 0:05:27]} Qe1 {[%emt 0:00:25]} 49. Qd8+ {[%emt 0:00:51]} Kg7 {[%emt 0:00:04]} 50. Qd4+ {[%emt 0:00:07]} f6 {[%emt 0:03:07]} 51. Rf2 {[%emt 0:00:26]} e5 {[%emt 0:01:52]} 52. fxe5 {[%emt 0:01:04]} Qxe5 {[%emt 0:00:41]} 53. Qxe5 {[%emt 0:02:10]} fxe5 {[%emt 0:00:03]} 54. Kg2 {[%emt 0:00:04]} e4 {[%emt 0:00:47]} 55. Bc4 {[%emt 0:00:15]} Rb1 {[%emt 0:00:47]} 56. Bd5 {[%emt 0:00:50]} e3 {[%emt 0:00:49]} 57. Re2 {[%emt 0:00:07]} Rd1 {[%emt 0:01:25]} 58. Bb3 {[%emt 0:00:18]} Rd3 {[%emt 0:00:25]} 59. Kf3 {[%emt 0:00:24]} 1-0

[Event "EIWCC 2018"]
[Site "Vysoke Tatry"]
[Date "2018.04.10"]
[Round "3"]
[White "Mammadzada, Gunay"]
[Black "Muzychuk, Mariya"]
[Result "1/2-1/2"]
[WhiteElo "2392"]
[BlackElo "2540"]
[Annotator "TA"]
[PlyCount "68"]
[EventDate "2018.??.??"]
[EventType "swiss"]
[EventCountry "SVK"]
[SourceTitle "playchess.com"]
[Source "ChessBase"]
[SourceQuality "1"]

{[%evp 21,68,6,32,-17,-7,-34,0,-10,-6,-6,0,-34,0,0,0,0,0,-8,0,0,13,0,2,-5,10,4,4,6,51,16,47,47,47,8,9,9,20,18,31,14,13,19,20,20,14,0,9,0,20]} 1. e4 c6 2. d4 d5 3. Nc3 dxe4 4. Nxe4 Bf5 5. Ng3 Bg6 6. h4 h6 7. Nf3 e6 8. h5 Bh7 9. Bd3 Bxd3 10. Qxd3 Nf6 11. Bd2 c5 {LiveBook: 199 Games} 12. Qb3 {B19: Classical Caro-Kann: 4...Bf5 main line} (12. Ne4 Nc6 13. Bc3 cxd4 14. Nxd4 Nb4 15. Nxf6+ gxf6 16. Bxb4 Bxb4+ 17. c3 Be7 18. O-O-O Qb6 19. Qb5+ Kf8 {1-0 (55) Wei,Y (2727)-Wang,H (2690) China 2017}) 12... Qb6 13. c4 $146 ({Predecessor:} 13. Qxb6 axb6 14. c4 Nc6 15. Bc3 cxd4 16. Nxd4 Nxd4 17. Bxd4 Bc5 18. Bc3 O-O-O 19. Ke2 Bd4 {1-0 (58) Soumya,S (2370)-Varitski,I (2208) Pardubice 2016}) 13... Qxb3 14. axb3 Nc6 15. Bc3 O-O-O {[%cal Rc5d4]} 16. Rd1 cxd4 17. Nxd4 Nxd4 18. Bxd4 b6 19. Ke2 Bd6 20. Nf1 Rd7 21. f3 Rhd8 {[#] Strongly threatening ...Be5!} 22. Bc3 Bf8 23. Ne3 Rxd1 24. Nxd1 Nd7 25. Nf2 Nc5 26. b4 Na4 27. Nd3 {And now Be1 would win.} (27. Be5 {is more complex.} Bxb4 28. Nd3 f6 29. Nxb4 fxe5 30. Nc6) 27... Nxc3+ 28. bxc3 $11 {[%mdl 4096] Endgame KRB-KRN} Be7 29. Kd2 Bf6 30. Kc2 Kb7 {The position is equal.} 31. Ra1 Rc8 32. Kb3 Rd8 33. Kc2 Rc8 34. Kb3 Rd8 {Precision: White = 27%, Black = 38%.} 1/2-1/2